000 00289nam a2200133Ia 4500
100 _aMyer/ John.N
650 _aEconomics
942 _cBK
654 _aAnalysis
245 _aFinancial Statement Analysis
260 _bPrentice Hall of India
_c2001
300 _a270
546 _aENGLISH
999 _c22781
_d22781